017410000a22001450004500001000600000041000800006082001200014110002900026245005700055300001500112505133300127942000701460952011101467999001701578144080 aSPA04aAV 03621 aUniversidad de los Andes10aRazón y fábula / Carlos B. Gutiérrez, Director a238 Pág.00a- La historicida de la ciencia. Gutiérrez A., Carlos B. - Las iluminaciones del pasado. García Mafla, Jaime - Aprendizaje y empleo del lenguaje arquitectónico. Fonseca M., Lorenzo - El arte abstracto de Manuel Hernández. Rubiano C., Germán - Una mirada arqueológica de la Constitución colombiana. Valencia V., Hernando - Algunos aspectos del control social en un barrio de Bogotá. Lleras, Ernestom - Notas sobre el problema de la vivienda popular en Colombia: las relaciones entre el sector público y el sector privado. Pardo, Rafael - Las bases de la era científico-tecnológica. Hoenigsberg, H. F. - Esquizofrenia: un campo óptimo de investigación. Pérez Gómez, Augusto - Carl Friederich Gauss "El príncipe de las matemáticas". Ferro C., Luis Jorge - Teorías y realidades. Gómez Fabling, Mary Anne - Son las partículas de los rayos cósmicos aceleradas por la radiación de punto cero? Rueda, Alfonso - El Instituto Ser y la investigación en sistemas públicos. Aldana V., Eduardo - Voces de la contracultura en la narrativa brasileña contemporánea. Lowe, Elizabeth - Primavera de la literatura colombiana. Lleras, Mauricio - El tratado de 1892 con el imperio alemán. Dávila, Patricia - La desamortización de bienes eclesiásticos. Díaz Díaz, Fernando cBK 001040708AVaFUSBCbFUSBCd2007-06-14l0oAV 0362 p15847r2019-12-12 00:00:00t1w2016-01-26yAVB0C3 c43276d43276